000 00685cam a22002053a 4500
001 40268
003 PGUSA
005 20140828083911.0
008 120717s2012||||xxu|||||s|||||000 | eng d
040 _aPGUSA
_beng
042 _adc
100 1 _aUnited States. National Aeronautics and Space Administration
245 1 0 _aSignificant Achievements in Space Bioscience 1958-1964
_h[electronic resource] /
_cUnited States. National Aeronautics and Space Administration
260 _bProject Gutenberg,
_c2012
506 _aPublic domain in the USA.
516 _aElectronic text
830 0 _aProject Gutenberg
_v40268
856 4 0 _uhttp://www.gutenberg.org/ebooks/40268
942 _cEB
999 _c269521
_d269521